000
00289nam a22001097a 4500
008
170110b xxu||||| |||| 00| 0 eng d
020
_a
9780721605517
041
_a
eng
080
_2
5TH
_a
618.2
245
_a
CLINICAL COMPANION MEDICAL-SURGICAL NURSING
_c
IGNATIVIUS & WORKMAN
942
_2
udc
_c
BK
999
_c
2655
_d
2655